| 000 | 00409nam a22001457a 4500 | ||
|---|---|---|---|
| 999 |
_c8128 _d8128 |
||
| 003 | OSt | ||
| 005 | 20200804163502.0 | ||
| 008 | 200804b ||||| |||| 00| 0 eng d | ||
| 020 | _a9781906506551 | ||
| 082 |
_a720 _bECO |
||
| 110 | _a Economakis Richard | ||
| 245 | _aDurability in construction : tradition and sustainability in 21st century architecture | ||
| 260 |
_aUSA _bPapadakis _c7 May 2015 |
||
| 942 | _2ddc | ||